000
00244nam a2200109Ia 4500
008
220204s9999 xx 000 0 und d
082
_a
633.61
_b
FER
245
0
_a
Sugarcane
260
_a
New Delhi
_b
FAI
_c
1981
650
_a
Sugarcane
942
_c
BK
999
_c
39520
_d
39520